Language Quiz

Random Language or Country Quiz

Top Country Per Language Quiz Stats

Quiz Updated Aug 7, 2012

Challenge
Share
Tweet
Embed
Score 0/30 Timer 05:00
4 Plays Today
Language Country % Correct
GermanGermany
99.2%
RussianRussia
99.2%
FrenchFrance
99%
EnglishUnited States
99%
ItalianItaly
98.2%
MandarinChina
97.9%
HindiIndia
96.4%
SpanishMexico
95.2%
PortugueseBrazil
94%
HebrewIsrael
87.8%
ThaiThailand
85.6%
DutchThe Netherlands
82.8%
CantoneseChina
82%
PersianIran
81.4%
WuChina
76.9%
Language Country % Correct
BelarusianBelarus
76.5%
CatalanSpain
67.6%
InuktitutCanada
58.4%
CornishUnited Kingdom
57.3%
BengaliBangladesh
54.4%
TamilIndia
47.6%
KhmerCambodia
46.2%
TagalogThe Philippines
36.8%
QuechuaPeru
32%
KannadaIndia
30.9%
SwahiliTanzania
30.7%
RomanshSwitzerland
24.5%
DariAfghanistan
12.8%
Tok PisinPapua New Guinea
11.4%
GilberteseKiribati
10.4%

You're not logged in!

Compare scores with friends on all Sporcle quizzes.
Sign Up with Email
OR
Log In

You Might Also Like...

Show Comments

Extras

Top Quizzes Today


Score Distribution

Your Account Isn't Verified!

In order to create a playlist on Sporcle, you need to verify the email address you used during registration. Go to your Sporcle Settings to finish the process.